<?xml version="1.0" encoding="UTF-8"?>
<marc:record xmlns:marc="http://www.loc.gov/MARC21/slim">
   <marc:leader>00000nam a2200000 a 4500</marc:leader>
   <marc:datafield ind1="1" ind2=" " tag="100">
      <marc:subfield code="a">Inkiow, Dimiter</marc:subfield>
      <marc:subfield code="4">aut</marc:subfield>
      <marc:subfield code="e">Verfasser/-in</marc:subfield>
   </marc:datafield>
   <marc:datafield ind1=" " ind2=" " tag="653">
      <marc:subfield code="a">Feuer</marc:subfield>
   </marc:datafield>
   <marc:datafield ind1=" " ind2=" " tag="653">
      <marc:subfield code="a">Götter</marc:subfield>
   </marc:datafield>
   <marc:datafield ind1=" " ind2=" " tag="653">
      <marc:subfield code="a">Troja</marc:subfield>
   </marc:datafield>
   <marc:datafield ind1="0" ind2="0" tag="245">
      <marc:subfield code="a">Als Zeus der Kragen platzte</marc:subfield>
   </marc:datafield>
   <marc:datafield ind1="0" ind2="0" tag="245">
      <marc:subfield code="b">Griechische Sagen neu erzählt</marc:subfield>
   </marc:datafield>
   <marc:datafield ind1=" " ind2="1" tag="264">
      <marc:subfield code="b">Dt. Taschenbuch Verl.</marc:subfield>
      <marc:subfield code="c">2023</marc:subfield>
   </marc:datafield>
   <marc:datafield ind1="1" ind2=" " tag="520">
      <marc:subfield code="a">Der optimale Einstieg in die Welt der griechischen Sagen: "Niemals!", donnerte Zeus. "Die Menschen dürfen das Feuer nie bekommen. Das Feuer gehört nur uns Göttern!" Was dann passierte, sollte auch heute noch jedes Kind erfahren - aber wie? Dimiter Inkiow erzählt diese Geschichte und 16 weitere berühmte antike Sagen auf ganz neue Weise: amüsant, pointiert, kindgerecht. Katja Gehrmann setzt den humorvollen Erzählstil mit feiner Ironie in Szene. (Verlagstext)</marc:subfield>
   </marc:datafield>
   <marc:datafield ind1=" " ind2=" " tag="020">
      <marc:subfield code="a">9783423712439</marc:subfield>
      <marc:subfield code="9">9783423712439</marc:subfield>
   </marc:datafield>
</marc:record>
